00913naa#a2200193#i#4500001001600000005001700016011001400033100004100047102000700088200012800095210020500223215001000428608004500438675003800483700005400521700006200575700005200637856003000689RU\\bibl\12336520260705182807.7##a1994-4683##a20230731b2023####ek#y0rusy0150####ca##aRU1#aТЕХНИКА ДИНАМИЧЕСКИХ ПЕРЕХВАТОВ В СКАЛОЛАЗАНИИeЖурнальная статья1#aМоскваcНациональный государственный Университет физической культуры, спорта и здоровья им. П.Ф. Лесгафтаd2023##a5 с.##aЖурнальная статья2local##aСкалолазание. 796.526#1aВолохинgМихаил Кириллович#1aСоловароваgЕлена Владимировна#1aСкачковgЮрий Анатольевич4#auchzapiski.lesgaft.spb.ru